| 000 | 00370nam a22001337a 4500 | ||
|---|---|---|---|
| 008 | 200220b ||||| |||| 00| 0 eng d | ||
| 020 | _a9789353162184 | ||
| 100 | _aJAIN, P. K. | ||
| 245 |
_aFinancial Management _bText, Problems And Cases |
||
| 250 |
_a8th _bAugust 11, 2018 |
||
| 260 |
_aNew Delhi _bMcGraw Hill Education India |
||
| 700 | _a KHAN, M. Y. | ||
| 942 | 0 | 0 | _2ddc |
| 999 |
_c8508 _d8508 |
||